Loading...
| Fine Arts - Other | 0 | 8 | 0 | 2 | 80 | 47 | 84.00 | 2 | 6 | 0.00 | 0.00 |
| Literature - World/Other | 0 | 5 | 0 | 0 | 50 | 68 | 107.40 | 0 | 2 | 0.00 | 0.00 |
| Fine Arts - Classical Music | 0 | 5 | 0 | 2 | 50 | 43 | 86.40 | 1 | 2 | 0.00 | 0.00 |
| Pop Culture | 0 | 2 | 0 | 0 | 20 | 70 | 73.50 | 0 | 1 | 0.00 | 0.00 |
| Literature - European | 0 | 2 | 1 | 0 | 15 | 75 | 81.50 | 0 | 1 | 0.00 | 0.00 |
| Literature - American | 0 | 2 | 1 | 0 | 15 | 58 | 81.00 | 1 | 1 | 0.00 | 0.00 |
| Literature - British | 0 | 2 | 2 | 0 | 10 | 121 | 122.00 | 0 | 0 | 0.00 | 0.00 |
| Science - Other | 0 | 1 | 0 | 0 | 10 | 52 | 52.00 | 0 | 1 | 0.00 | 0.00 |
| Science - Physics | 0 | 1 | 0 | 0 | 10 | 98 | 98.00 | 0 | 1 | 0.00 | 0.00 |
| Fine Arts - Visual | 0 | 1 | 3 | 0 | -5 | 104 | 104.00 | 0 | 0 | 0.00 | 0.00 |